El maestro sin recetas: el desafío de enseñar en un mundo cambiante
Guardado en:
| Autor principal: | |
|---|---|
| Formato: | Libro |
| Lenguaje: | español |
| Publicado: |
Buenos Aires
Siglo Veintiuno Editores
2016
|
| Edición: | 1a. ed |
| Materias: | |
| Etiquetas: |
Agregar Etiqueta
Sin Etiquetas, Sea el primero en etiquetar este registro!
|
MARC
| LEADER | 00000cam a2200000 a 4500 | ||
|---|---|---|---|
| 001 | UCD6619 | ||
| 003 | CL-VaPUC | ||
| 008 | 161230e20160000ag |||||||||||||||||spa|d | ||
| 020 | |a 9789876296809 | ||
| 082 | 0 | 4 | |a 370.115 |b FRE |2 21 |
| 100 | |a Freire, Paulo |e autor |9 352356 | ||
| 245 | 1 | 3 | |a El maestro sin recetas: el desafío de enseñar en un mundo cambiante |
| 250 | |a 1a. ed | ||
| 300 | |a 192 p | ||
| 942 | |c BK | ||
| 945 | |d 20161230 10:40:00 |a dcastane | ||
| 260 | |a Buenos Aires |b Siglo Veintiuno Editores |c 2016 | ||
| 650 | 0 | |a Docentes |9 311365 | |
| 650 | 0 | |a Filosofía de la educación |9 258384 | |
| 650 | 0 | |a Reforma educacional |9 256319 | |
| 650 | 0 | |a Teoría de la educación |9 309368 | |
| 650 | 0 | |a Innovaciones pedagógicas |9 307471 | |
| 583 | |a last modification |c 20161230 10:40:00 |k Rodrigo Vera | ||
| 999 | |c 366873 |d 366871 | ||
| 952 | |0 0 |1 0 |3 erb |4 0 |6 370_115000000000000_FRE_2016 |7 0 |8 R |9 481474 |a BIBEDU |b BIBEDU |c MCIRC |i 5358140 |o 370.115 FRE 2016 |p 5358140 |r 2023-01-13 |w 2019-11-24 |y BK_R |z Catalogado en:20161230 |k EFI | ||
| 952 | |0 0 |1 0 |3 erb |4 0 |6 370_115000000000000_FRE_2016 |7 0 |8 R |9 481475 |a BIBEDU |b BIBEDU |c MCIRC |i 5358159 |l 2 |o 370.115 FRE 2016 |p 5358159 |r 2023-01-13 |s 2022-03-14 |w 2019-11-24 |y BK_R |z Catalogado en:20161230 |k EFI | ||
| 952 | |0 0 |1 0 |3 erb |4 0 |6 370_115000000000000_FRE_2016 |7 0 |8 R |9 481476 |a BIBEDU |b BIBEDU |c MCIRC |i 5361982 |o 370.115 FRE 2016 |p 5361982 |r 2023-01-13 |w 2019-11-24 |y BK_R |z Catalogado en:20170303 |k EPE | ||
| 952 | |0 0 |1 0 |3 erb |4 0 |6 370_115000000000000_FRE_2016 |7 0 |8 R |9 481477 |a BIBEDU |b BIBEDU |c MCIRC |i 5362229 |o 370.115 FRE 2016 |p 5362229 |r 2023-01-13 |w 2019-11-24 |y BK_R |z Catalogado en:20170303 |k EPE | ||